| 000 | 00494nam a2200133Ia 4500 | ||
|---|---|---|---|
| 008 | 171212s9999 xx 000 0 und d | ||
| 020 | _a9781920942441 | ||
| 100 | _aCurthoys, Co-edited Ann;Lake, Marilyn | ||
| 245 |
_cCurthoys, Co-edited Ann;Lake, Marilyn _aConnected Worlds _bHistory in Transnational Perspective |
||
| 260 |
_bANU E Press _c2005 |
||
| 650 | _aHistoriography; World history; Australia -- Historiography | ||
| 650 | _aHistory | ||
| 856 | _uwww.jstor.org/stable/10.2307/j.ctt2jbkp3 | ||
| 999 |
_c351048 _d351048 |
||